000 01239nam a22002897a 4500
003 OSt
005 20251020191451.0
008 240202b ||||| |||| 00| 0 eng d
040 _c0
082 _aDPer 621.317 Ie21 January 2022 v. 37 n. 1
100 _aYang, Yong.
_eauthor.
_951297
245 _aZero dynamic DC-link voltage control for current source converter under grid disturbances /
_cYong Yang, Xiaoqiang Guo, Hao Ding, Zhigang Lu, Changchun Hua, Mariusz Malinowski, and Frede Blaabjerg.
260 _aNew York ;
_bThe Institute of Electrical and Electronics Engineers, Inc. ,
_cJanuary 2022.
300 _aVolume 37, pages 855-864 :
_billustration ;
_c28 cm.
500 _aIEEE Transactions on Power Electronics, v. 37 n 1, pages 855-864, January 2022.
650 0 _aCurrent source converter (CSC).
_965894
650 0 _aInductors.
_965801
650 0 _aPower quality.
_965895
700 _aYang, Yong.
_eauthor.
_951297
700 _aGuo, Xiaoqiang.
_eauthor.
_951298
700 _aDing, Hao.
_eauthor.
_951299
700 _aLu, Zhigang.
_eauthor.
_951300
700 _aHua, Changchun.
_eauthor.
_951301
700 _aMalinowski, Mariusz.
_eauthor.
_951302
700 _aBlaabjerg, Frede.
_eauthor.
_951303
942 _2ddc
_cPER
999 _c18898
_d18898